00488cam a2200169ua 450000100060000000800390000602000150004504000090006008200100006910000280007924501030010725000220021026000400023230000100027265300180028265300180030011952191205n ii |||gr||||Z||||||eng a8178351749 cMAIN a305.4 aSimmi Jain . ,eAuthor. aEncyclopaedia of Indian Women through the ages : bperiod of freedom struggle / cBy Simmi Jain .  a1st ed / bvol.3. aDelhi:bKalpaz publications,c2011. a315p. aSocial groups aWomen studies